On This Day: September 19th II Quiz Stats

 Plays Quiz Updated Sep 19, 2018

Score 0/7 Timer 03:00
0 Plays Today
Question Answer Wrong Answers
This American actor, known primarily for his role as Batman in the 1960s ABC series of the same name, is born.
1928
Adam West
93.5%
Burt Ward
4.3%
Burgess Meredith
0.7%
Cesar Romero
0.6%
La Gloriosa begins in this country, which ultimately results in the deposition of Queen Isabella II.
1868
Spain
90.3%
Mexico
2.8%
Argentina
4.4%
Brazil
2.5%
The Washington Post and The New York Times both publish a manifesto written by this domestic terrorist and math prodigy.
1995
Ted Kaczynski
78.7%
D. B. Cooper
4.4%
Terry Nichols
4.5%
David Koresh
10.6%
The United States bars this iconic English actor and filmmaker from re-entering the country after a trip to England.
1952
Charlie Chaplin
76.4%
Humphrey Bogart
6%
Buster Keaton
13.1%
Stan Laurel
3.4%
The first ______ Festival is held at a farm belonging to Michael Eavis in Pilton, Somerset, England.
1970
Glastonbury
72.2%
Woodstock
19.6%
Maesbury
5.8%
Main Square
1.2%
The Electoral Bill is given Royal Assent by colonial Governor Lord Glasgow, granting all women the right to vote in ______.
1893
New Zealand
59%
India
7.5%
Pakistan
1.4%
Ireland
31.4%
Saint Kitts and Nevis gains independence from this country.
1983
United Kingdom
58.2%
United States
3%
France
20.2%
Denmark
17.1%

You're not logged in!

Compare scores with friends on all Sporcle quizzes.
OR
Log In

Sporcle TV

Today on Sporcle TV


Watch our educational content, quiz creation guides, and fun videos on Sporcle TV.

Show Comments

Extras

Top Quizzes Today


Score Distribution

Your Account Isn't Verified!

In order to create a playlist on Sporcle, you need to verify the email address you used during registration. Go to your Sporcle Settings to finish the process.

Report this User

Report this user for behavior that violates our Community Guidelines.

Details: